Violencia contra las niñas y las mujeres : prioridad de salud pública /
Furkejuvvon:
| Searvvušdahkki: | |
|---|---|
| Materiálatiipa: | Girji |
| Giella: | espánnjágiella |
| Fáttát: | |
| Fáddágilkorat: |
Eai fáddágilkorat, Lasit vuosttaš fáddágilkora!
|
MARC
| LEADER | 00000nam^a2200000^a^4500 | ||
|---|---|---|---|
| 001 | 000167524 | ||
| 005 | 20250521000000.0 | ||
| 009 | 20260310101130.65 | ||
| 037 | |a Acervo ITESO - Biblioteca | ||
| 041 | |a ESP | ||
| 082 | |a 362. 8292 |b FNUAP | ||
| 110 | |a FNUAP | ||
| 245 | 1 | 0 | |a Violencia contra las niñas y las mujeres : |b prioridad de salud pública / |
| 264 | |a Nueva York, EUA : |b FNUAP, |c fecha no identificada | ||
| 300 | |a 1 folleto (15 p.) | ||
| 336 | |a texto |b txt |2 rdacontenido | ||
| 337 | |a sin mediación |b n |2 rdamedio | ||
| 338 | |a volumen |b nc |2 rdasoporte | ||
| 649 | |a XX | ||
| 650 | |a Mujeres - |x Condiciones Sociales y Culturales | ||
| 650 | |a Maltrato Infantil | ||
| 650 | |a Abuso Sexual | ||
| 650 | |a Violación | ||
| 650 | |a Violencia Doméstica - |x Aspectos Sociales y Culturales | ||
| 650 | |a Enfermedades de Transmisión Sexual | ||
| 650 | |a Salud Reproductiva | ||
| 650 | |a Salud Pública | ||
| 650 | |a Derecho a la Salud | ||
| 650 | |a Derechos Humanos | ||
| 650 | |a Problemas Sociales | ||
| 650 | |a Sociología | ||
| 910 | |a Fondo General | ||
| 920 | |a Impresos - Libros | ||
| 930 | |a Colección General | ||
| 905 | |a 101 | ||
| 901 | |a 0500103588 |b IT1 |c ACC |u 20250521 | ||
| 902 | |a https://opac.biblio.iteso.mx/vufind/Record/000167524 | ||